[Event "UKR-ch U12 Girls"]
[Site "Lvov"]
[Date "2019.03.25"]
[Round "7"]
[White "Dvoretska, Elizaveta"]
[Black "Prochaieva, Nina"]
[Result "1-0"]
[WhiteElo "1646"]
[BlackElo "1645"]
[PlyCount "87"]
[EventDate "2019.03.19"]
[EventType "tourn"]
[EventRounds "11"]
[EventCountry "UKR"]
[SourceTitle "CBM 190 Extra"]
[Source "ChessBase"]
[SourceDate "2019.07.15"]
[SourceVersion "1"]
[SourceVersionDate "2019.07.15"]
[SourceQuality "1"]

1. d4 f5 2. c4 Nf6 3. Nc3 e6 4. a3 d5 5. Bf4 c6 6. e3 Bd6 7. Bxd6 Qxd6 8. Nf3 Nbd7 9. Be2 0-0 10. 0-0 Ne4 11. Nd2 Ndf6 12. f3 Nxc3 13. bxc3 h6 14. Qc2 Nh7 15. e4 b6 16. a4 a5 17. Bd3 Qf4 18. Rae1 Bd7 19. g3 Qc7 20. exd5 exd5 21. cxd5 cxd5 22. Re5 g6 23. Rxd5 Qc6 24. Bb5 Qe6 25. Rxd7 Qe3+ 26. Kg2 Nf6 27. Rd6 Rab8 28. Bc4+ Kh7 29. Re6 Qg5 30. f4 Qh5 31. Be2 Ng4 32. h3 Rfe8 33. Bxg4 fxg4 34. hxg4 Qxg4 35. Ree1 h5 36. Ne4 Rf8 37. Ng5+ Kh6 38. Re7 Rh8 39. Rh1 Rbe8 40. Rhe1 Ref8 41. R1e6 Rfg8 42. Nf7+ Kg7 43. Ne5+ Kf8 44. Nd7# 1-0